Obecná ekonomická geografie

Gespeichert in:
Bibliographische Detailangaben
1. Verfasser: Riedlová, Marie
Weitere Verfasser: Blažek, Miroslav, Brabec, František
Format: Buch
Sprache:Tschechisch
Veröffentlicht: Praha Státní pedagogické nakladatelství 1983
Schriftenreihe:Učebnice pro vysoké školy.
Tags: Tag hinzufügen
Keine Tags, Fügen Sie das erste Tag hinzu!

MARC

LEADER 00000nam a2200000 4500
001 c119030
005 20190425112446.9
041 0 |a cze 
044 |a CZ 
245 1 0 |a Obecná ekonomická geografie  |c Marie Riedlová, Miroslav Blažek, František Brabec 
264 1 |a Praha  |b Státní pedagogické nakladatelství  |c 1983 
300 |a 269 s. 
490 1 |a Učebnice pro vysoké školy. 
830 0 |a Učebnice pro vysoké školy. 
100 1 |a Riedlová, Marie 
700 1 |a Blažek, Miroslav 
700 1 |a Brabec, František